| 000 | 01652nam a22003017a 4500 | ||
|---|---|---|---|
| 001 | 1717 | ||
| 003 | FISKH | ||
| 005 | 20250904083018.0 | ||
| 008 | 230919b cb ||||| |||| 00| 0 khr d | ||
| 020 | _a9789996305986 | ||
| 040 |
_aFISKH _beng _cFISKH _dFISKH |
||
| 082 | _a629.04 | ||
| 100 | _aWenxuan, Cao | ||
| 245 |
_aស្លាប / _cនិពន្ធដោយ កៅ វេស៊ន់ - គូររូដោយ រ៉ចឺរ ម៉េលឡូ - បកប្រែពីភាសាអង់គ្លេសដោយ ប៊ុត សុផល |
||
| 250 | _aបោះពុម្ពលើកទី ២ វិច្ឆិកា ២០១៨ | ||
| 260 |
_aPhnom Penh : _bSipar, _c2018. |
||
| 300 |
_a38 pages : _bcolor illustrations ; _c17 × 30 cm |
||
| 505 | _aJ | ||
| 520 | _aស្លាបមួយត្រូវបានទាញឡើងដោយខ្យល់។ សត្វស្លាបនេះចង់ដឹងថាវាមកពីណា? វាតែងតែសួរសត្វស្លាបទាំងអស់ដែលជួបសំណួរដូចគ្នា "តើខ្ញុំជារបស់អ្នកទេ?" | ||
| 520 | _aA feather was picked up by the wind. This feather wants to know what bird it comes from. It always asks all the birds that meets the same question “Am I yours?”. | ||
| 521 | 8 |
_a500
_bLexile estimate |
|
| 521 | 8 |
_aJ
_bRaz-Plus |
|
| 650 |
_aស្លាប _vសត្វស្លាប _xទាញ |
||
| 650 |
_aWing _vPick up _xBird |
||
| 700 |
_aMello, Roger _eillustrator |
||
| 700 |
_aSophal, Bot _eTranslator |
||
| 942 |
_2ddc _cKHB _n0 |
||
| 999 |
_c1717 _d1717 |
||